| 000 | 00355nam a2200145Ia 4500 | ||
|---|---|---|---|
| 008 | 230711s9999||||xx |||||||||||||| ||und|| | ||
| 041 | _aENG | ||
| 082 |
_a621.3 _bMA-E |
||
| 100 | _aMarwaha,G.L | ||
| 245 | 0 | _aElectrical machines | |
| 250 | _a5th Ed. | ||
| 260 |
_c2010 _aJalandhar _bEagles Prakashan Regd |
||
| 650 | _aElectrical Engineering | ||
| 942 | _cBK | ||
| 999 |
_c7699 _d7699 |
||